export oriented units and EPZ/FTZ scheme;Handbook on 100 (Record no. 41011)

MARC details
000 -LEADER
fixed length control field 00317nam a2200109Ia 4500
082 ## - DEWEY DECIMAL CLASSIFICATION NUMBER
Classification number 339.564(035)
Item number HAN
245 #0 - TITLE STATEMENT
Title export oriented units and EPZ/FTZ scheme;Handbook on 100
250 ## - EDITION STATEMENT
Edition statement Ed.3
260 ## - PUBLICATION, DISTRIBUTION, ETC. (IMPRINT)
Place of publication New Delhi
Name of publisher Cofederation of export units
Year of publication 1996
942 ## - ADDED ENTRY ELEMENTS (KOHA)
Koha item type Books
Holdings
Withdrawn status Lost status Damaged status Not for loan Home library Current library Date acquired Cost, normal purchase price Full call number Accession Number Koha item type
        RRII Library RRII Library 16/12/2021 450.00 339.564(035) HAN 21303 Books